| 000 | 00415cam a2200157Ia 4500 | ||
|---|---|---|---|
| 020 | _a0804821267 | ||
| 040 | _cHLS | ||
| 082 | _a813 TUT 1999 A094 Or. | ||
| 100 | 1 | _aRichie, Donald, | |
| 245 | 1 | 0 |
_aMemoirs of the warrior Kumagai : _ba historical novel / |
| 246 | 3 | 0 | _aKumagai |
| 250 | _a1st ed | ||
| 260 |
_aRutland, Vt. ; _aTokyo, Japan : _bC.E. Tuttle, _c1999, c1998 |
||
| 300 |
_a247 p. ; _c22 cm |
||
| 942 | _cEK | ||
| 999 |
_c12868 _d12868 |
||